Normal view
MARC view
- Berry,Aidan/ Jarvis,Robin
Entry Personal Name
001 - CONTROL NUMBER
- control field: 3387
003 - CONTROL NUMBER IDENTIFIER
- control field: JO-AjAnu
005 - DATE AND TIME OF LATEST TRANSACTION
- control field: 20230606070846.0
008 - FIXED-LENGTH DATA ELEMENTS
- fixed length control field: 230606|| aca||aabn | a|a d
040 ## - CATALOGING SOURCE
- Original cataloging agency: JO-AjAnu
- Transcribing agency: JO-AjAnu
100 ## - HEADING--PERSONAL NAME
- Personal name: Berry,Aidan/ Jarvis,Robin
670 ## - SOURCE DATA FOUND
- Source citation: Work cat.: (JO-AjAnu)1769: Berry,Aidan/ Jarvis,Robin, author, Accounting in a Business Context : teacher's Guide